000
00320nam a2200145 4500
008
190522s ||||xo d
100
1
_a
Kiyosaki Robertt
_9
1131
245
1
0
_a
Škola biznisu
250
_a
1.vydanie
260
_b
Motýl
_a
Bratislava
020
_c
0
041
1
_a
slo
044
_a
xo
_c
SK
958
_a
AUL
999
_c
22432
_d
22432